Countries by Major Islands Quiz Stats

 Plays Quiz Updated Mar 24, 2018

Score 0/18 Timer 03:00
9 Plays Today
% Correct
Japan
94.9%
Italy
94.8%
Greece
94%
Australia
91.5%
China
90.3%
Indonesia
89.6%
Tanzania
89.6%
Spain
88.8%
United States
88.7%
% Correct
Denmark
88.7%
United Kingdom
87.2%
Canada
86.8%
Norway
86.1%
France
86%
Fiji
83.2%
New Zealand
83.2%
Russia
81.5%
Chile
68.4%

You're not logged in!

Compare scores with friends on all Sporcle quizzes.
OR
Log In

You Might Also Like...

Show Comments

Extras

Top Quizzes Today


Score Distribution

Your Account Isn't Verified!

In order to create a playlist on Sporcle, you need to verify the email address you used during registration. Go to your Sporcle Settings to finish the process.

Report this User

Report this user for behavior that violates our Community Guidelines.

Details: